[Event "CZE-chT2F 2223"]
[Site "Czech Republic"]
[Date "2023.03.05"]
[Round "10"]
[White "Byma, Pavel"]
[Black "Caletka, Radomir"]
[Result "1/2-1/2"]
[WhiteElo "2129"]
[BlackElo "2303"]
[PlyCount "43"]
[EventDate "2022.10.16"]
[EventType "team-tourn"]
[EventRounds "11"]
[EventCountry "CZE"]
[SourceTitle "EXT 2024"]
[Source "ChessBase"]
[SourceDate "2023.10.10"]
[SourceVersion "1"]
[SourceVersionDate "2023.10.10"]
[SourceQuality "1"]
[WhiteTeam "Dolni Benesov"]
[BlackTeam "Poruba Slavoj III"]
[WhiteTeamCountry "CZE"]
[BlackTeamCountry "CZE"]

1. e4 c6 2. d4 d5 3. e5 Bf5 4. Nc3 e6 5. g4 Bg6 6. Nge2 c5 7. h4 h5 8. Nf4 Bh7 9. Nxh5 cxd4 10. Nb5 Nc6 11. Nxd4 Nge7 12. Bb5 Qc7 13. f4 a6 14. Bxc6+ Nxc6 15. c3 0-0-0 16. Be3 Na5 17. Qe2 Be4 18. Rh2 Nc4 19. Bf2 Rg8 20. Ng3 Bh7 21. Rc1 Kb8 22. Kf1 1/2-1/2

[Event "CZE-chT2F 2223"]
[Site "Czech Republic"]
[Date "2023.02.05"]
[Round "8"]
[White "Caletka, Radomir"]
[Black "Wiewiora, Eneasz"]
[Result "0-1"]
[WhiteElo "2303"]
[BlackElo "2315"]
[PlyCount "138"]
[EventDate "2022.10.16"]
[EventType "team-tourn"]
[EventRounds "11"]
[EventCountry "CZE"]
[SourceTitle "EXT 2024"]
[Source "ChessBase"]
[SourceDate "2023.10.10"]
[SourceVersion "1"]
[SourceVersionDate "2023.10.10"]
[SourceQuality "1"]
[WhiteTeam "Poruba Slavoj III"]
[BlackTeam "Havirov Slovan"]
[WhiteTeamCountry "CZE"]
[BlackTeamCountry "CZE"]

1. e4 d6 2. d4 Nf6 3. Nc3 e5 4. dxe5 dxe5 5. Qxd8+ Kxd8 6. Bc4 Ke8 7. f4 Nbd7 8. Nf3 Bd6 9. 0-0 a6 10. Re1 h6 11. Bb3 Nh5 12. f5 Nhf6 13. h3 Nc5 14. Nd2 Nxb3 15. Nxb3 b6 16. Be3 Bb7 17. Nd2 Bb4 18. Bf2 Bxc3 19. bxc3 Rd8 20. Re2 Nd7 21. Be3 Ke7 22. Kf2 Nf6 23. Kf3 Ne8 24. Nc4 f6 25. Rd2 Rxd2 26. Bxd2 a5 27. Rb1 Ba6 28. Ne3 Nd6 29. Nd5+ Kd7 30. Rd1 Bc4 31. Bc1 Rb8 32. Ba3 c5 33. Rb1 Kc6 34. Ne7+ Kd7 35. Nd5 Kc6 36. Ne7+ Kc7 37. Ra1 Re8 38. Ng6 Rd8 39. Bb2 Bf7 40. Nh4 Nc4 41. Bc1 Rd1 42. Ke2 Rh1 43. Nf3 Nd6 44. Nd2 Bxa2 45. Bb2 Rxa1 46. Bxa1 Kc6 47. Bb2 a4 48. Kd3 Kb5 49. Ba3 Bc4+ 50. Ke3 Bf7 51. Kd3 Ba2 52. Bc1 Bc4+ 53. Ke3 Kc6 54. Bb2 Kb7 55. Ba3 Ka6 56. Bc1 Ka5 57. Ba3 Ba6 58. Kf3 Nb7 59. Bb2 Nd6 60. Ba3 Kb5 61. Bc1 Nc4 62. Nb1 Bb7 63. g4 Bc6 64. h4 Ka5 65. Na3 Nxa3 66. Bxa3 Kb5 67. Ke3 Kc4 68. Bb2 b5 69. Kf3 b4 0-1

[Event "CZE-chT2F 2223"]
[Site "Czech Republic"]
[Date "2023.01.08"]
[Round "6"]
[White "Neumann, Filip"]
[Black "Caletka, Radomir"]
[Result "1/2-1/2"]
[WhiteElo "2204"]
[BlackElo "2303"]
[PlyCount "26"]
[EventDate "2022.10.16"]
[EventType "team-tourn"]
[EventRounds "11"]
[EventCountry "CZE"]
[SourceTitle "EXT 2024"]
[Source "ChessBase"]
[SourceDate "2023.10.10"]
[SourceVersion "1"]
[SourceVersionDate "2023.10.10"]
[SourceQuality "1"]
[WhiteTeam "Ostrava II"]
[BlackTeam "Poruba Slavoj III"]
[WhiteTeamCountry "CZE"]
[BlackTeamCountry "CZE"]

1. Nf3 d5 2. d4 Nf6 3. Bf4 c5 4. e3 Nc6 5. Nbd2 cxd4 6. exd4 Bf5 7. Nb3 e6 8. c3 Bd6 9. Bxd6 Qxd6 10. Bd3 Bxd3 11. Qxd3 0-0 12. 0-0 Ne4 13. Nfd2 Nxd2 1/2-1/2

[Event "CZE-chT2F 2223"]
[Site "Czech Republic"]
[Date "2022.12.04"]
[Round "4"]
[White "Sramek, Vojtech"]
[Black "Caletka, Radomir"]
[Result "0-1"]
[WhiteElo "2278"]
[BlackElo "2303"]
[PlyCount "64"]
[EventDate "2022.10.16"]
[EventType "team-tourn"]
[EventRounds "11"]
[EventCountry "CZE"]
[SourceTitle "EXT 2024"]
[Source "ChessBase"]
[SourceDate "2023.10.10"]
[SourceVersion "1"]
[SourceVersionDate "2023.10.10"]
[SourceQuality "1"]
[WhiteTeam "Orlova Slavia II"]
[BlackTeam "Poruba Slavoj III"]
[WhiteTeamCountry "CZE"]
[BlackTeamCountry "CZE"]

1. e4 c5 2. Nf3 a6 3. c3 d5 4. exd5 Nf6 5. d4 cxd4 6. cxd4 Nxd5 7. Nc3 Nc6 8. Bc4 Nxc3 9. bxc3 e6 10. 0-0 Be7 11. Bd3 0-0 12. c4 Bf6 13. Bb2 b6 14. Qe2 Bb7 15. Rfd1 Ne7 16. Ne5 Ng6 17. Qg4 Qc7 18. Nxg6 hxg6 19. Rac1 Rfd8 20. Bb1 b5 21. cxb5 Qb6 22. Rc5 axb5 23. h4 Ra4 24. Qe2 Bxd4 25. Bxd4 Raxd4 26. Rdc1 Qd6 27. Qxb5 Rxh4 28. Re5 f6 29. Qxb7 Qxe5 30. g3 Rhd4 31. Bxg6 Qg5 32. Qb1 f5 0-1

[Event "CZE-chT2F 2223"]
[Site "Czech Republic"]
[Date "2022.11.06"]
[Round "2"]
[White "Warchol, Kamil"]
[Black "Caletka, Radomir"]
[Result "1-0"]
[WhiteElo "2134"]
[BlackElo "2303"]
[PlyCount "75"]
[EventDate "2022.10.16"]
[EventType "team-tourn"]
[EventRounds "11"]
[EventCountry "CZE"]
[SourceTitle "EXT 2024"]
[Source "ChessBase"]
[SourceDate "2023.10.10"]
[SourceVersion "1"]
[SourceVersionDate "2023.10.10"]
[SourceQuality "1"]
[WhiteTeam "Hostalkova II"]
[BlackTeam "Poruba Slavoj III"]
[WhiteTeamCountry "CZE"]
[BlackTeamCountry "CZE"]

1. e4 c6 2. c4 d5 3. exd5 cxd5 4. cxd5 Nf6 5. Nc3 Nxd5 6. Nf3 g6 7. Qb3 Nb6 8. Bb5+ N8d7 9. Ng5 e6 10. Nge4 Be7 11. d4 0-0 12. 0-0 a6 13. Be2 Nf6 14. Bf3 Nbd5 15. Nxf6+ Nxf6 16. Rd1 Qa5 17. Bf4 Qb4 18. Qxb4 Bxb4 19. Na4 Nd7 20. Rac1 Be7 21. Rc2 h5 22. Bc7 Bf6 23. b4 Re8 24. h3 Kg7 25. a3 Ra7 26. Nc5 Nxc5 27. dxc5 e5 28. Re2 Re7 29. Bb8 Ra8 30. Bd6 Re8 31. Rde1 a5 32. b5 a4 33. Bxe5 Bxe5 34. Rxe5 Rxe5 35. Rxe5 Ra5 36. c6 bxc6 37. Bxc6 Be6 38. Re4 1-0

[Event "CZE-ch Betsys Online Blitz"]
[Site "Chess.com INT"]
[Date "2021.04.17"]
[Round "13"]
[White "Caletka, Radomir"]
[Black "Mareckova, Martina"]
[Result "1-0"]
[WhiteElo "2299"]
[BlackElo "2111"]
[PlyCount "73"]
[EventDate "2021.04.17"]
[EventType "swiss (blitz)"]
[EventRounds "13"]
[EventCountry "CZE"]
[SourceTitle "CBM 201 Extra"]
[Source "ChessBase"]
[SourceDate "2021.05.31"]
[SourceVersion "1"]
[SourceVersionDate "2021.05.31"]
[SourceQuality "1"]

1. e4 e5 2. Nf3 Nc6 3. Bb5 a6 4. Ba4 d6 5. 0-0 Bd7 6. c3 g6 7. d4 Bg7 8. Be3 Nf6 9. Nbd2 0-0 10. h3 Qe8 11. Bc2 h6 12. Re1 Nd8 13. Nf1 Nh5 14. dxe5 dxe5 15. Bb3 Ne6 16. N1h2 Rd8 17. Qc2 Nef4 18. Rad1 Qe7 19. Ng4 Bxg4 20. hxg4 Nf6 21. Bxf4 exf4 22. Rxd8 Rxd8 23. g5 Ng4 24. gxh6 Bxh6 25. e5 Bg7 26. Qxg6 Nh6 27. Ng5 c5 28. Qh5 b5 29. e6 f6 30. Nf7 c4 31. Nxh6+ Bxh6 32. Qxh6 Qg7 33. Qxg7+ Kxg7 34. Bc2 Re8 35. Bf5 Kf8 36. Rd1 Re7 37. Kf1 1-0

[Event "CZE-ch Betsys Online Blitz"]
[Site "Chess.com INT"]
[Date "2021.04.17"]
[Round "4"]
[White "Caletka, Radomir"]
[Black "Paulus, Vaclav"]
[Result "1/2-1/2"]
[WhiteElo "2299"]
[BlackElo "2060"]
[PlyCount "103"]
[EventDate "2021.04.17"]
[EventType "swiss (blitz)"]
[EventRounds "13"]
[EventCountry "CZE"]
[SourceTitle "CBM 201 Extra"]
[Source "ChessBase"]
[SourceDate "2021.05.31"]
[SourceVersion "1"]
[SourceVersionDate "2021.05.31"]
[SourceQuality "1"]

1. e4 c5 2. Nf3 Nc6 3. Bb5 g6 4. 0-0 Bg7 5. c3 e5 6. d4 cxd4 7. cxd4 Nxd4 8. Nxd4 exd4 9. Bf4 Ne7 10. Bd6 Qb6 11. Bxe7 Kxe7 12. Bc4 Re8 13. Qf3 Qf6 14. Qa3+ Qd6 15. Qb3 Qb6 16. Bxf7 Qxb3 17. Bxb3 d6 18. Nd2 Be6 19. Rac1 Rac8 20. Rcd1 Bxb3 21. Nxb3 Rc2 22. Rd2 Rec8 23. Rfd1 Rxd2 24. Rxd2 a5 25. a4 Rc4 26. f3 Rxa4 27. Kf2 b6 28. Ke2 Rb4 29. Na1 Rxb2 30. Rxb2 d3+ 31. Kxd3 Bxb2 32. Nc2 a4 33. Kc4 a3 34. Kb3 Kd7 35. Nb4 Kc7 36. Nd5+ Kc6 37. g4 Kc5 38. h4 Bg7 39. Kxa3 Kd4 40. h5 gxh5 41. gxh5 Kd3 42. Kb4 Ke2 43. f4 Kf3 44. f5 Kxe4 45. f6 Bf8 46. Nxb6 Ke5 47. Nd7+ Ke6 48. Nxf8+ Kxf6 49. Nxh7+ Kg7 50. Ng5 Kh6 51. Nf7+ Kxh5 52. Nxd6 1/2-1/2

[Event "CZE-ch Betsys Online Blitz"]
[Site "Chess.com INT"]
[Date "2021.04.17"]
[Round "7"]
[White "Caletka, Radomir"]
[Black "Petras, Milan"]
[Result "1-0"]
[WhiteElo "2299"]
[BlackElo "1976"]
[PlyCount "115"]
[EventDate "2021.04.17"]
[EventType "swiss (blitz)"]
[EventRounds "13"]
[EventCountry "CZE"]
[SourceTitle "CBM 201 Extra"]
[Source "ChessBase"]
[SourceDate "2021.05.31"]
[SourceVersion "1"]
[SourceVersionDate "2021.05.31"]
[SourceQuality "1"]

1. e4 e6 2. d4 d5 3. Nd2 c5 4. exd5 exd5 5. Ngf3 Nc6 6. Bb5 Bd6 7. 0-0 Nge7 8. dxc5 Bxc5 9. Nb3 Bb6 10. Bg5 0-0 11. h3 h6 12. Bf4 Nf5 13. Qd2 a6 14. Bd3 Qf6 15. c3 Be6 16. Rfe1 Rfe8 17. Rad1 Rad8 18. Bb1 d4 19. Qc1 dxc3 20. bxc3 g5 21. Bh2 Rxd1 22. Rxd1 Nh4 23. Nfd4 Bxb3 24. axb3 Nxd4 25. cxd4 Bxd4 26. Qc2 Ng6 27. Bg3 h5 28. Qd2 Rd8 29. Qe2 h4 30. Bc7 Rc8 31. Bh2 Rd8 32. Bxg6 Qxg6 33. Kh1 Qe6 34. Qd2 Qf6 35. Bg1 Bb6 36. Qc1 Rxd1 37. Qxd1 Bc7 38. Qd2 Qe5 39. Qd3 Kg7 40. Qf3 Kg6 41. Qxb7 g4 42. Qxa6+ Kg7 43. hxg4 Qf4 44. Qc4 h3 45. Qxf4 hxg2+ 46. Kxg2 Bxf4 47. Kf3 Bd6 48. Ke4 Kf6 49. f4 Bb4 50. Bd4+ Ke6 51. f5+ Kd6 52. g5 Bd2 53. g6 fxg6 54. fxg6 Ke6 55. Kd3 Bb4 56. Kc4 Bf8 57. b4 Kd7 58. g7 1-0

[Event "CZE-ch Betsys Online Blitz"]
[Site "Chess.com INT"]
[Date "2021.04.17"]
[Round "2"]
[White "Caletka, Radomir"]
[Black "Trhal, Tomas"]
[Result "1-0"]
[WhiteElo "2299"]
[BlackElo "2041"]
[PlyCount "107"]
[EventDate "2021.04.17"]
[EventType "swiss (blitz)"]
[EventRounds "13"]
[EventCountry "CZE"]
[SourceTitle "CBM 201 Extra"]
[Source "ChessBase"]
[SourceDate "2021.05.31"]
[SourceVersion "1"]
[SourceVersionDate "2021.05.31"]
[SourceQuality "1"]

1. e4 c5 2. Nf3 d6 3. d4 cxd4 4. Nxd4 Nf6 5. Nc3 a6 6. h3 e6 7. g4 d5 8. exd5 Nxd5 9. Nde2 Bb4 10. Bd2 0-0 11. Bg2 Nxc3 12. Nxc3 Nc6 13. 0-0 e5 14. a3 Be7 15. Be3 Be6 16. Nd5 Bxd5 17. Bxd5 Rc8 18. c3 Kh8 19. Qf3 Qc7 20. Rad1 Rcd8 21. Qf5 g6 22. Qf3 f5 23. Bh6 fxg4 24. Qxg4 Rf6 25. Rd2 Rfd6 26. Rfd1 Nd4 27. c4 Bf6 28. f4 Nf5 29. Bg5 Bxg5 30. Qxg5 exf4 31. Qxf4 Qg7 32. Kh2 Rf6 33. Bg2 Rdf8 34. Rd7 R6f7 35. Rxf7 Qxf7 36. Qe5+ Qg7 37. Qxg7+ Kxg7 38. Rd7+ Kh6 39. Rxb7 Ne3 40. Bd5 Rf2+ 41. Kg3 Rd2 42. Bg8 Nf5+ 43. Kf4 Rd4+ 44. Ke5 Rd3 45. Rxh7+ Kg5 46. Rb7 Rxh3 47. c5 Re3+ 48. Kd5 Rd3+ 49. Kc4 Rd2 50. Kc3 Rd1 51. Bb3 Rd8 52. Bc2 Kf4 53. b4 Rg8 54. Rb6 1-0

[Event "CZE-ch Betsys Online Blitz"]
[Site "Chess.com INT"]
[Date "2021.04.17"]
[Round "6"]
[White "Sramek, Vojtech"]
[Black "Caletka, Radomir"]
[Result "1-0"]
[WhiteElo "2194"]
[BlackElo "2299"]
[PlyCount "113"]
[EventDate "2021.04.17"]
[EventType "swiss (blitz)"]
[EventRounds "13"]
[EventCountry "CZE"]
[SourceTitle "CBM 201 Extra"]
[Source "ChessBase"]
[SourceDate "2021.05.31"]
[SourceVersion "1"]
[SourceVersionDate "2021.05.31"]
[SourceQuality "1"]

1. e4 c5 2. Nf3 Nc6 3. Nc3 e5 4. Bc4 Be7 5. d3 d6 6. Nd2 Nf6 7. Nf1 Nd7 8. Ne3 Nb6 9. 0-0 0-0 10. a4 Bg5 11. a5 Bxe3 12. axb6 Bxc1 13. Qxc1 Qxb6 14. Nd5 Qd8 15. c3 Be6 16. f4 a6 17. f5 Bxd5 18. Bxd5 Qf6 19. Bxc6 bxc6 20. c4 Rfb8 21. Qc3 Rb4 22. Rf2 a5 23. b3 h6 24. Rfa2 Rab8 25. Rb1 a4 26. Rab2 Qg5 27. bxa4 Qe3+ 28. Kf1 Rxb2 29. Rxb2 Rxb2 30. Qxb2 Qxd3+ 31. Qe2 Qb1+ 32. Kf2 Qa1 33. f6 Qxa4 34. Qg4 Qc2+ 35. Kf1 Qd3+ 36. Kf2 Qd2+ 37. Kf1 Qg5 38. Qc8+ Kh7 39. fxg7 Kxg7 40. Qxc6 Qc1+ 41. Kf2 Qc2+ 42. Kf3 Qd3+ 43. Kf2 Qxc4 44. Qxd6 Qxe4 45. Qxc5 Qf4+ 46. Ke2 e4 47. Qd4+ Kg6 48. Qb6+ Qf6 49. Qe3 Qb2+ 50. Kf1 Qb1+ 51. Kf2 Qc2+ 52. Kg3 Qc4 53. Kf4 f5 54. Qg3+ Kf6 55. Qh4+ Kg6 56. Qg3+ Kf7 57. Kxf5 1-0

[Event "CZE-chT 1920"]
[Site "Czech Republic"]
[Date "2020.01.25"]
[Round "5.3"]
[White "Vavra, Pavel"]
[Black "Caletka, Radomir"]
[Result "1/2-1/2"]
[WhiteElo "2342"]
[BlackElo "2305"]
[PlyCount "89"]
[EventDate "2019.10.12"]
[EventType "team-tourn"]
[EventRounds "11"]
[EventCountry "CZE"]
[SourceTitle "CBM 194 Extra"]
[Source "ChessBase"]
[SourceDate "2020.03.31"]
[SourceVersion "1"]
[SourceVersionDate "2020.03.31"]
[SourceQuality "1"]
[WhiteTeam "Unichess"]
[BlackTeam "Poruba Slavoj"]
[WhiteTeamCountry "CZE"]
[BlackTeamCountry "CZE"]

1. e4 c5 2. Nf3 d6 3. d4 cxd4 4. Nxd4 Nf6 5. Nc3 a6 6. Bc4 e6 7. Bb3 Be7 8. g4 h6 9. Be3 b5 10. Qe2 Bd7 11. f3 b4 12. Nd1 Qc7 13. Nf2 Nc6 14. h4 Nxd4 15. Bxd4 a5 16. Bc4 a4 17. 0-0-0 e5 18. Be3 g6 19. g5 Nh5 20. Rhg1 hxg5 21. hxg5 Kf8 22. Kb1 Kg7 23. Bd5 Rab8 24. f4 Nxf4 25. Bxf4 exf4 26. Qd2 Qc5 27. Qxf4 Be6 28. Nd3 Qd4 29. Bxe6 fxe6 30. Qg4 Qc4 31. Nf4 b3 32. cxb3 axb3 33. Qxe6 bxa2+ 34. Ka1 Qxe6 35. Nxe6+ Kf7 36. Nf4 Rh2 37. Nd3 Rb5 38. Kxa2 Bxg5 39. e5 Be7 40. Rdf1+ Kg7 41. e6 Bf6 42. Ka3 Bxb2+ 43. Nxb2 Rhxb2 44. Rf7+ Kh8 45. Rh1+ 1/2-1/2

[Event "CZE-chT1E 1920"]
[Site "Czech Republic"]
[Date "2019.12.08"]
[Round "4.6"]
[White "Piza, Vlastimil"]
[Black "Caletka, Radomir"]
[Result "0-1"]
[WhiteElo "2241"]
[BlackElo "2305"]
[PlyCount "132"]
[EventDate "2019.10.20"]
[EventType "team-tourn"]
[EventRounds "11"]
[EventCountry "CZE"]
[SourceTitle "CBM 193 Extra"]
[Source "ChessBase"]
[SourceDate "2020.01.31"]
[SourceVersion "1"]
[SourceVersionDate "2020.01.31"]
[SourceQuality "1"]
[WhiteTeam "Gordic"]
[BlackTeam "Poruba Slavoj II"]
[WhiteTeamCountry "CZE"]
[BlackTeamCountry "CZE"]

1. e4 c6 2. Nc3 d5 3. Nf3 Bg4 4. h3 Bxf3 5. Qxf3 e6 6. d3 Nf6 7. a3 Nbd7 8. g3 Bc5 9. Bg2 0-0 10. 0-0 dxe4 11. Nxe4 Nxe4 12. dxe4 e5 13. Rd1 Qe7 14. Be3 Rad8 15. Bf1 Nb6 16. Rxd8 Rxd8 17. a4 Bxe3 18. Qxe3 Qb4 19. b3 Qd4 20. Qe1 h6 21. Bd3 Nd7 22. Rd1 Nf6 23. Be2 Qb6 24. Rxd8+ Qxd8 25. Qb4 b6 26. Bd3 g6 27. Qc4 Qd7 28. Kg2 Kg7 29. a5 Qd6 30. Qa6 Qc7 31. axb6 axb6 32. Qa3 Nh7 33. Qa1 Nf6 34. Qa3 Qd7 35. Qb4 Qc7 36. Qa3 Nh7 37. Qa1 Nf8 38. f4 Nd7 39. Kf3 Qd6 40. b4 Qxb4 41. fxe5 Qc5 42. e6+ Ne5+ 43. Ke2 fxe6 44. Qa7+ Nf7 45. h4 Kf6 46. Qb8 b5 47. Qf4+ Kg7 48. Qc7 Qd6 49. Qb7 Kf6 50. Qb6 Qxg3 51. Qxc6 Qxh4 52. Qxb5 Qh2+ 53. Ke3 Qg3+ 54. Ke2 h5 55. Qb2+ Ne5 56. Qb8 Qh2+ 57. Kf1 Qh1+ 58. Ke2 Qg2+ 59. Ke3 Qg3+ 60. Ke2 h4 61. Qd8+ Kg7 62. Qe7+ Nf7 63. Qxe6 h3 64. Bc4 Qf4 65. Bd5 h2 66. Qh3 Ne5 0-1

[Event "Pardubice Czech op-A 30th"]
[Site "Pardubice"]
[Date "2019.07.22"]
[Round "4"]
[White "Caletka, Radomir"]
[Black "Frolov, Artur"]
[Result "1/2-1/2"]
[WhiteElo "2286"]
[BlackElo "2453"]
[PlyCount "129"]
[EventDate "2019.07.19"]
[EventType "swiss"]
[EventRounds "9"]
[EventCountry "CZE"]
[SourceTitle "CBM 191"]
[Source "ChessBase"]
[SourceDate "2019.08.31"]
[SourceVersion "1"]
[SourceVersionDate "2019.08.31"]
[SourceQuality "1"]

1. d4 Nf6 2. c4 e6 3. Nc3 d5 4. cxd5 exd5 5. Bg5 Nbd7 6. e3 c6 7. Bd3 Bd6 8. Nge2 0-0 9. Qc2 h6 10. Bh4 Re8 11. Bg3 Bf8 12. h3 Qe7 13. 0-0 Ne4 14. Bh2 f5 15. Rae1 Ndf6 16. f3 Nd6 17. Be5 Nf7 18. Bf4 g5 19. Bg3 Qd7 20. Bf2 Nd6 21. Ng3 h5 22. e4 f4 23. e5 fxg3 24. Bxg3 h4 25. Bf2 Qg7 26. exf6 Qxf6 27. Rxe8 Nxe8 28. Re1 Nd6 29. Re5 Bd7 30. Qb3 Re8 31. Rxe8 Bxe8 32. Qc2 Kg7 33. Na4 Bg6 34. Nc5 Bxd3 35. Qxd3 Qg6 36. Qe2 Qb1+ 37. Kh2 Qf5 38. b3 Kf7 39. Be3 Be7 40. Qd2 Kg6 41. Qe2 Bd8 42. Bf2 Bc7 43. Kh1 Kf7 44. Bg1 Ne8 45. Nxb7 Nf6 46. Nc5 Nh5 47. Bf2 Nf4 48. Qf1 Qc2 49. Be3 Ne2 50. Qe1 Bg3 51. Qa1 Bf4 52. Bxf4 Nxf4 53. Qf1 Qxa2 54. Nd3 Ne2 55. Qd1 Kg7 56. Kh2 a5 57. Nc1 Nxc1 58. Qxc1 Qxb3 59. Qxg5+ Kf7 60. Qh5+ Ke6 61. Qe8+ Kd6 62. Qd8+ Ke6 63. Qe8+ Kd6 64. Qd8+ Ke6 65. Qe8+ 1/2-1/2

[Event "CZE-chT 1819"]
[Site "Czech Republic"]
[Date "2019.04.21"]
[Round "11.2"]
[White "Petrova, Kristyna"]
[Black "Caletka, Radomir"]
[Result "1/2-1/2"]
[WhiteElo "2248"]
[BlackElo "2305"]
[PlyCount "110"]
[EventDate "2018.11.03"]
[EventType "team-tourn"]
[EventRounds "11"]
[EventCountry "CZE"]
[SourceTitle "CBM 190 Extra"]
[Source "ChessBase"]
[SourceDate "2019.07.15"]
[SourceVersion "1"]
[SourceVersionDate "2019.07.15"]
[SourceQuality "1"]
[WhiteTeam "Unichess II"]
[BlackTeam "Poruba Slavoj"]
[WhiteTeamCountry "CZE"]
[BlackTeamCountry "CZE"]

1. c4 Nf6 2. Nf3 c5 3. g3 b6 4. Bg2 Bb7 5. Nc3 g6 6. d3 Bg7 7. Bg5 h6 8. Bd2 0-0 9. 0-0 d5 10. cxd5 Nxd5 11. Nxd5 Bxd5 12. Bc3 Nc6 13. Qa4 Rc8 14. a3 Qd6 15. Rfc1 a5 16. Qd1 e5 17. a4 Nd4 18. Nd2 Be6 19. Nc4 Qc7 20. e3 Nf5 21. Qe2 Rcd8 22. Rd1 Rfe8 23. Qc2 Ne7 24. Qb3 Rb8 25. Qc2 Red8 26. b3 Nd5 27. Bb2 Bg4 28. f3 Bf5 29. e4 Nb4 30. Qe2 Be6 31. h4 h5 32. Bc3 Nc6 33. Kh2 Qc8 34. Qb2 Nd4 35. Bd2 Rd7 36. Be3 f5 37. Bxd4 Rxd4 38. Bh3 Kh7 39. Qg2 Qd7 40. exf5 gxf5 41. Re1 Bxc4 42. dxc4 Rd8 43. Ra2 Kh8 44. Rae2 Qf7 45. Qf2 Qg6 46. Rg1 Rd3 47. Re3 R3d6 48. Rg2 Qf6 49. Re1 Rd3 50. Re3 R3d4 51. Re1 Bh6 52. Qe2 e4 53. fxe4 Rxe4 54. Qf1 Qe5 55. Rd1 Rxd1 1/2-1/2

[Event "Bohuslavice rapid op 34th"]
[Site "Bohuslavice"]
[Date "2019.03.30"]
[Round "5"]
[White "Caletka, Radomir"]
[Black "Kriebel, Tadeas"]
[Result "0-1"]
[WhiteElo "2285"]
[BlackElo "2507"]
[PlyCount "82"]
[EventDate "2019.03.30"]
[EventType "swiss (rapid)"]
[EventRounds "9"]
[EventCountry "CZE"]
[SourceTitle "CBM 189 Extra"]
[Source "ChessBase"]
[SourceDate "2019.06.03"]
[SourceVersion "1"]
[SourceVersionDate "2019.06.03"]
[SourceQuality "1"]

1. e4 e5 2. Nf3 Nc6 3. Bc4 Nf6 4. d3 h6 5. 0-0 d6 6. a4 g5 7. c3 Bg7 8. a5 a6 9. Re1 0-0 10. b4 Ne7 11. Na3 Ng6 12. Nc2 c6 13. Bb3 Re8 14. Ne3 d5 15. Qc2 Nf4 16. exd5 cxd5 17. d4 e4 18. Ne5 N6h5 19. g3 Nh3+ 20. Kg2 Bxe5 21. dxe5 Rxe5 22. Bb2 Qf6 23. c4 Qf3+ 24. Kf1 N5f4 25. gxf4 Nxf4 26. Kg1 Nh3+ 27. Kf1 Bg4 28. Ng2 Nf4 29. Re3 Qxg2+ 30. Ke1 Qg1+ 31. Kd2 Qxf2+ 32. Kc1 Qxe3+ 33. Kb1 d4 34. Ka2 Qe2 35. Bxd4 Qxc2+ 36. Bxc2 Ree8 37. Bb3 Rad8 38. Bf6 Rd6 39. Bc3 Rd3 40. Bf6 Rd2+ 41. Ka3 e3 0-1

[Event "CZE-chT1E 1819"]
[Site "Czech Republic"]
[Date "2019.03.03"]
[Round "9.1"]
[White "Caletka, Radomir"]
[Black "Malinovsky, Karel"]
[Result "0-1"]
[WhiteElo "2305"]
[BlackElo "2469"]
[PlyCount "72"]
[EventDate "2018.10.21"]
[EventType "team-tourn"]
[EventRounds "11"]
[EventCountry "CZE"]
[SourceTitle "CBM 189 Extra"]
[Source "ChessBase"]
[SourceDate "2019.06.03"]
[SourceVersion "1"]
[SourceVersionDate "2019.06.03"]
[SourceQuality "1"]
[WhiteTeam "Ostrava"]
[BlackTeam "Kromeriz"]
[WhiteTeamCountry "CZE"]
[BlackTeamCountry "CZE"]

1. e4 e5 2. Nf3 Nc6 3. Bc4 Nf6 4. d3 Be7 5. 0-0 0-0 6. Re1 d6 7. a4 Na5 8. Ba2 c5 9. c3 h6 10. Na3 a6 11. Nc2 Be6 12. Bxe6 fxe6 13. Ne3 Rb8 14. Bd2 Nc6 15. b4 cxb4 16. cxb4 b5 17. axb5 axb5 18. Qb3 Qd7 19. Nf5 Bd8 20. Ng3 Bb6 21. Be3 Ng4 22. Bxb6 Rxb6 23. h3 Nf6 24. Qb2 Nh7 25. d4 Rxf3 26. gxf3 Ng5 27. Kg2 Qf7 28. Ra3 Nxd4 29. Ree3 Qf4 30. Ne2 Nxe2 31. Qxe2 Kh7 32. Qf1 Qh4 33. Kh2 Rc6 34. Rec3 Rxc3 35. Rxc3 d5 36. Re3 Nxh3 0-1

[Event "CZE-chT1E 1819"]
[Site "Czech Republic"]
[Date "2019.02.03"]
[Round "7.1"]
[White "Caletka, Radomir"]
[Black "Kislinsky, Alexey"]
[Result "0-1"]
[WhiteElo "2305"]
[BlackElo "2430"]
[PlyCount "78"]
[EventDate "2018.10.21"]
[EventType "team-tourn"]
[EventRounds "11"]
[EventCountry "CZE"]
[SourceTitle "CBM 188 Extra"]
[Source "ChessBase"]
[SourceDate "2019.02.26"]
[SourceVersion "1"]
[SourceVersionDate "2019.02.26"]
[SourceQuality "1"]
[WhiteTeam "Ostrava"]
[BlackTeam "Orlova Slavia"]
[WhiteTeamCountry "CZE"]
[BlackTeamCountry "CZE"]

1. e4 c5 2. Nf3 a6 3. c4 e6 4. Nc3 d6 5. d4 cxd4 6. Nxd4 Nf6 7. Be2 Be7 8. 0-0 0-0 9. Be3 b6 10. Qd2 Bb7 11. f3 Qc7 12. Rac1 Nbd7 13. Rfd1 Rac8 14. Bf1 Qb8 15. Kh1 Rfe8 16. a3 Bd8 17. Rc2 Ne5 18. Na4 h5 19. b4 h4 20. h3 Nh5 21. Nb2 Ng3+ 22. Kg1 Ng6 23. Bd3 Bf6 24. Ne2 Nxe2+ 25. Bxe2 d5 26. exd5 exd5 27. Bxb6 Nf4 28. Bf1 Bxb2 29. Rxb2 dxc4 30. Qd6 Qxd6 31. Rxd6 Re1 32. Kf2 c3 33. Rc2 Rb1 34. Bc5 Re8 35. Bd4 Rd1 36. Bc5 Bd5 37. Rxc3 Rd2+ 38. Kg1 Re1 39. Re3 Rxg2+ 0-1

[Event "CZE-chT 1819"]
[Site "Czech Republic"]
[Date "2019.01.13"]
[Round "6.4"]
[White "Hollan, Martin"]
[Black "Caletka, Radomir"]
[Result "0-1"]
[WhiteElo "2325"]
[BlackElo "2305"]
[PlyCount "140"]
[EventDate "2018.11.03"]
[EventType "team-tourn"]
[EventRounds "11"]
[EventCountry "CZE"]
[SourceTitle "CBM 188 Extra"]
[Source "ChessBase"]
[SourceDate "2019.02.26"]
[SourceVersion "1"]
[SourceVersionDate "2019.02.26"]
[SourceQuality "1"]
[WhiteTeam "Cesky Tesin Slavoj"]
[BlackTeam "Poruba Slavoj"]
[WhiteTeamCountry "CZE"]
[BlackTeamCountry "CZE"]

1. Nf3 Nf6 2. c4 b6 3. b3 Bb7 4. Bb2 e6 5. e3 d5 6. Nc3 Bd6 7. Qc2 a6 8. cxd5 exd5 9. 0-0-0 Nbd7 10. Rg1 Qe7 11. g4 0-0-0 12. g5 Ne8 13. h4 Ba3 14. Bxa3 Qxa3+ 15. Kb1 Nd6 16. Nd4 g6 17. Bg2 Qc5 18. d3 Kb8 19. Qb2 Nc8 20. Nf3 Qd6 21. d4 Qe6 22. Ne2 Ne7 23. Nf4 Qd6 24. Bh3 Bc8 25. Ka1 Kb7 26. Ne5 Rhf8 27. h5 Nb8 28. Bg2 c6 29. e4 Be6 30. Nxe6 fxe6 31. Ng4 Qf4 32. Nf6 h6 33. e5 hxg5 34. Bh3 gxh5 35. Bxe6 Rh8 36. Qa3 Nf5 37. Bxf5 Qxf5 38. Qe7+ Ka8 39. Qc7 b5 40. Rc1 Rc8 41. Qb6 g4 42. a4 b4 43. Qxb4 Qxf2 44. Rgf1 Qe3 45. Rce1 Qg5 46. Nxd5 cxd5 47. Rf7 Rc1+ 48. Kb2 Rc2+ 49. Ka3 Nd7 50. Rxd7 Rb8 51. Qa5 Qg6 52. Qxd5+ Qc6 53. Qxc6+ Rxc6 54. Re3 Rg6 55. e6 Rgg8 56. e7 g3 57. Re6 Rbe8 58. Rxa6+ Kb8 59. Rad6 Kc8 60. Ra7 Kb8 61. Rda6 g2 62. Ra8+ Kc7 63. R6a7+ Kd6 64. Rxe8 g1Q 65. Rd8+ Kc6 66. Ra6+ Kb7 67. Raa8 Qa1+ 68. Kb4 Qe1+ 69. Kc4 Qe2+ 70. Kb4 Qxe7+ 0-1